000
00200nam a22000857a 4500
008
170125b xxu||||| |||| 00| 0 eng d
100
_9
2574
_a
Chawla.A
245
_a
Discoeries
260
_a
New Delhi
_b
DP
_c
2010
999
_c
5700
_d
5700